<?xml version="1.0" encoding="UTF-8"?>
<record
    xmlns:xsi="http://www.w3.org/2001/XMLSchema-instance"
    xsi:schemaLocation="http://www.loc.gov/MARC21/slim http://www.loc.gov/standards/marcxml/schema/MARC21slim.xsd"
    xmlns="http://www.loc.gov/MARC21/slim">

  <leader>01264nam0a2200337   4500</leader>
  <controlfield tag="001">RU\NLR\bibl\66533</controlfield>
  <controlfield tag="005">20260405175619.0</controlfield>
  <datafield tag="010" ind1=" " ind2=" ">
    <subfield code="a">5-232-01042-5</subfield>
    <subfield code="9">7000</subfield>
  </datafield>
  <datafield tag="021" ind1=" " ind2=" ">
    <subfield code="a">RU</subfield>
    <subfield code="b">1999-43146</subfield>
    <subfield code="9">2121</subfield>
  </datafield>
  <datafield tag="035" ind1=" " ind2=" ">
    <subfield code="a">(NLR Aleph) 000064905</subfield>
  </datafield>
  <datafield tag="090" ind1=" " ind2=" ">
    <subfield code="a">355377</subfield>
    <subfield code="c">355377</subfield>
  </datafield>
  <datafield tag="100" ind1=" " ind2=" ">
    <subfield code="a">20000118d1999    |||y0rusy50      ca</subfield>
  </datafield>
  <datafield tag="101" ind1="1" ind2=" ">
    <subfield code="a">rus</subfield>
    <subfield code="c">ita</subfield>
  </datafield>
  <datafield tag="102" ind1=" " ind2=" ">
    <subfield code="a">RU</subfield>
  </datafield>
  <datafield tag="105" ind1=" " ind2=" ">
    <subfield code="a">y   |||||||||</subfield>
  </datafield>
  <datafield tag="200" ind1="1" ind2=" ">
    <subfield code="a">&#x41B;&#x44E;&#x431;&#x43E;&#x432;&#x44C; &#x440;&#x43E;&#x434;&#x430; &#x447;&#x435;&#x43B;&#x43E;&#x432;&#x435;&#x447;&#x435;&#x441;&#x43A;&#x43E;&#x433;&#x43E;</subfield>
    <subfield code="d">L'amore dei huomini</subfield>
    <subfield code="f">&#x41F;&#x430;&#x43E;&#x43B;&#x43E; &#x41C;&#x430;&#x43D;&#x442;&#x435;&#x433;&#x430;&#x446;&#x446;&#x430;</subfield>
    <subfield code="g">[&#x41F;&#x435;&#x440;. &#x441; &#x438;&#x442;&#x430;&#x43B;. &#x41B;. &#x41A;&#x430;&#x43D;&#x435;&#x432;&#x441;&#x43A;&#x43E;&#x433;&#x43E;]</subfield>
    <subfield code="z">ita</subfield>
  </datafield>
  <datafield tag="210" ind1=" " ind2=" ">
    <subfield code="a">&#x41C;.</subfield>
    <subfield code="c">&#x41A;&#x420;&#x41E;&#x41D;-&#x41F;&#x420;&#x415;&#x421;&#x421;</subfield>
    <subfield code="d">1999</subfield>
  </datafield>
  <datafield tag="215" ind1=" " ind2=" ">
    <subfield code="a">542,[1] &#x441;.</subfield>
    <subfield code="d">20</subfield>
  </datafield>
  <datafield tag="225" ind1="1" ind2=" ">
    <subfield code="a">&#x42D;&#x43A;&#x441;&#x43F;&#x440;&#x435;&#x441;&#x441;</subfield>
  </datafield>
  <datafield tag="300" ind1=" " ind2=" ">
    <subfield code="a">&#x410;&#x432;&#x442;. &#x442;&#x430;&#x43A;&#x436;&#x435; &#x43D;&#x430; &#x438;&#x442;&#x430;&#x43B;. &#x44F;&#x437;.: Paolo Mantegazza</subfield>
  </datafield>
  <datafield tag="300" ind1=" " ind2=" ">
    <subfield code="a">&#x41D;&#x430; &#x43E;&#x431;&#x43E;&#x440;&#x43E;&#x442;&#x435; &#x442;&#x438;&#x442;. &#x43B;. &#x430;&#x432;&#x442;.: &#x41F;. &#x41C;&#x430;&#x43D;&#x442;&#x435;&#x433;&#x430;&#x446;&#x446;&#x430;, &#x43F;&#x440;&#x43E;&#x444;. &#x44D;&#x442;&#x43D;&#x43E;&#x433;&#x440;&#x430;&#x444;&#x438;&#x438; &#x438; &#x430;&#x43D;&#x442;&#x440;&#x43E;&#x43F;&#x43E;&#x43B;&#x43E;&#x433;&#x438;&#x438;</subfield>
  </datafield>
  <datafield tag="606" ind1="0" ind2=" ">
    <subfield code="a">&#x41B;&#x44E;&#x431;&#x43E;&#x432;&#x44C;</subfield>
    <subfield code="9">1553946</subfield>
    <subfield code="3">RU\NLR\auth\66678931</subfield>
  </datafield>
  <datafield tag="686" ind1=" " ind2=" ">
    <subfield code="a">&#x42E;703.13</subfield>
  </datafield>
  <datafield tag="700" ind1=" " ind2="1">
    <subfield code="4">070</subfield>
    <subfield code="8">rus</subfield>
    <subfield code="7">ca</subfield>
    <subfield code="a">&#x41C;&#x430;&#x43D;&#x442;&#x435;&#x433;&#x430;&#x446;&#x446;&#x430;</subfield>
    <subfield code="b">&#x41F;.</subfield>
    <subfield code="f">1831-1910</subfield>
    <subfield code="g">&#x41F;&#x430;&#x43E;&#x43B;&#x43E;</subfield>
    <subfield code="3">RU\NLR\auth\7776648</subfield>
    <subfield code="9">59576</subfield>
  </datafield>
  <datafield tag="801" ind1=" " ind2="0">
    <subfield code="a">RU</subfield>
    <subfield code="b">NLR</subfield>
    <subfield code="c">20000118</subfield>
    <subfield code="g">PSBO</subfield>
  </datafield>
  <datafield tag="801" ind1=" " ind2="1">
    <subfield code="a">RU</subfield>
    <subfield code="b">NLR</subfield>
    <subfield code="c">20000118</subfield>
  </datafield>
  <datafield tag="830" ind1=" " ind2=" ">
    <subfield code="a">&#x410;&#x432;&#x442;. &#x43F;&#x43E; &#x43A;&#x43D;.</subfield>
  </datafield>
  <datafield tag="852" ind1=" " ind2=" ">
    <subfield code="a">NLR</subfield>
    <subfield code="j">99-3/17102</subfield>
  </datafield>
  <datafield tag="942" ind1=" " ind2=" ">
    <subfield code="c">BOOK</subfield>
  </datafield>
  <datafield tag="980" ind1=" " ind2=" ">
    <subfield code="a">NB</subfield>
  </datafield>
  <datafield tag="995" ind1=" " ind2=" ">
    <subfield code="5">2000-01-18</subfield>
    <subfield code="a">ad</subfield>
    <subfield code="b">NLR01</subfield>
    <subfield code="c">NLR01</subfield>
    <subfield code="e">RF8</subfield>
    <subfield code="f">642</subfield>
    <subfield code="k">99-3/17102</subfield>
    <subfield code="o">0</subfield>
    <subfield code="r">BOOK</subfield>
    <subfield code="s">99317102_</subfield>
  </datafield>
  <datafield tag="995" ind1=" " ind2=" ">
    <subfield code="5">2000-01-18</subfield>
    <subfield code="a">ad</subfield>
    <subfield code="b">NLR01</subfield>
    <subfield code="c">NLR01</subfield>
    <subfield code="e">RF8</subfield>
    <subfield code="f">643</subfield>
    <subfield code="k">99-3/17102</subfield>
    <subfield code="o">0</subfield>
    <subfield code="r">BOOK</subfield>
    <subfield code="s">99317102_</subfield>
  </datafield>
</record>
